Normal view
MARC view
- Vasconcelos, José,
Entry Nombre Personal
001 - NUMERO DE CONTROL
- campo de control: 29465
003 - IDENTIFICADOR DE NUMERO DE CONTROL
- campo de control: MX-MxUPN
005 - FECHA Y HORA DE LA ÜLTIMA TRANSACCIÓN
- campo de control: 20240315091028.0
008 - DATOS DE LONGITUD FIJA
- campo de control de longitud fija: 231031n||acnnnaabn | aaa |d
035 ## - NUMERO DE CONTROL
- Número de control: UPN11000001571
040 ## - FUENTE DE CATALOGACIÓN
- Agencia original de catalogación: MX-MxUPN
- Lenguaje de catalogación: spa
- Agencia de transcripción: MX-MxUPN
053 #4 - NÚMERO DE CLASIFICACIÓN LC
- Número de clasificación elemento-número único o número inicial de tramo: PQ7297 V2.8
100 1# - ENCABEZAMIENTO - NOMBRE PERSONAL
- Nombre personal: Vasconcelos, José,
- Fechas asociadas con el nombre: 1881-1959
670 ## - FUENTE EN LA QUE SE LOCALIZARON DATOS
- Cita de la fuente: Pitágoras : una teoría del ritmo, 1921:
- Información localizada: portada (José Vasconcelos)
680 ## - NOTA PUBLICA DE ACCESO PÚBLICO
- Frase explicativa de la referencia: Político y educador mexicano
902 ## - CATALOGADOR
- Catalogador: DAA/050608
